000 00519nam a2200193Ia 4500
005 20250508165655.0
008 008 250505s9999 xx 000 0 eng d
037 _aReference
040 _aFEDL
_beng
_cFEDL
041 _aeng
_2eng
084 _a530.023, KIT/O
_qFEDL
100 _aKitaigorodsky Alexander
_9781580
245 0 _aI am a physicist
260 _aMoscow
_bMir Publishers
_c1980
300 _a213p.
546 _aC.S.E.C
942 _cREF
_h530.023, KIT/O
999 _c1396675
_d1396675